| 000 | | | 04156nac2a22002773x 450 |
| 001 | | | 560d4aba-7101-463e-9515-fe1c24d238b9 |
| 005 | | | 20220701225841.0 |
| 100 | ## | $a | 20220622l1910 k y0rusy50 ca |
| 101 | 0# | $a | rus |
| 102 | ## | $a | RU |
| 105 | ## | $a | y z ||||| |
| 122 | 0# | $a | d19101231 |
| 200 | 1# | $a | Статья инженера Стакле П. "Некоторые данные о водных путях с р. Ухты на реки Каму и Северную Двину" |
| | $j | 1910 |
| 215 | ## | $a | 9 листов |
| 251 | ## | $c | Дело |
| 300 | ## | $a | Листы: 1 - затемнены углы; 9 - загрязнены верхний и правый края |
| 300 | ## | $a | Типографский экземпляр |
| 300 | ## | $a | Напечатано типографским способом |
| 330 | ## | $a | Входит в раздел описи: Работы И. Х. Озерова и документы, связанные с его командировками на Урал в 1909 г., на Русский Север в 1910 г. и на Ленинские золотые прииски в 1912 г.. Документы И. Х. Озерова и документы, собранные им в результате командировки на Русский Север. д) Документы Архангельского общества изучения Русского Севера |
| 461 | #0 | $1 | 00170a9e75d-b6e1-4eed-a561-fb01df49f1ed |
| | $1 | 2001 |
| | $a | Коллекция документов профессора И. Х. Озерова |
| | $1 | 251 |
| | $c | Фонд |
| | $1 | 852 |
| | $j | 1838 |
| 462 | #0 | $1 | 001fc3512fe-9a59-4eb4-a034-4562dc7a6172 |
| | $1 | 2001 |
| | $a | Документы дооктябрьского периода. 1837-1918 гг. |
| | $v | Д. 93 |
| | $1 | 251 |
| | $c | Опись |
| | $1 | 852 |
| | $j | 1 |
| 600 | #1 | $a | Озеров |
| | $b | И. Х. |
| | $g | Иван Христофорович |
| 600 | #1 | $a | Стакле |
| | $b | П. |
| 801 | #0 | $a | RU |
| | $b | GA_RF |
| 801 | #1 | $a | RU |
| | $b | ГлавНИВЦ |
| | $c | 20220622 |
| | $2 | rusmarc |
| 801 | #2 | $a | RU |
| | $b | ПБ им. Б.Н. Ельцина |
| | $c | 20220701 |
| | $g | RCR |
| | $2 | rusmarc |
| 852 | ## | $a | ГА РФ |
| | $j | 93 |
| 937 | ## | $d | 177026434 |
| | $h | ГАРФ |
| 035 | ## | $a | RuPRLIB51067994 |
| 856 | ## | $u | http://readingroom.main.prlib.ru/item.aspx?id_node=n177026434&mode=full |